Statistics for A General Knowledge Quiz for Americans

Click here to take the quiz!

General Stats

  • This quiz has been taken 72 times
  • The average score is 8 of 14

Answer Stats

HintAnswer% Correct
The capital of AustraliaSydney
83%
The best countryMURICA!!!!
76%
The language spoken in BrazilSpanish
73%
The first person to discover the United StatesChristopher Columbus
69%
The first person to go to spaceNeil Armstrong
68%
The plural of mooseMeese
64%
The person to discover the equation F=maAlbert Einstein
63%
The person responsible for causing WWIAdolf Hitler
61%
What Nikola Tesla was most known for inventingElectric Cars
61%
The writer of the US constitutionThomas Jefferson
58%
The inventor of electricityBen Franklin
56%
The Jewish holiday signifies the new yearHanukkah
49%
The country known for windmills and tulipsHolland
44%
The person on the $2 billJohn Adams
24%

Score Distribution

Percentile by Number Answered

Percent of People with Each Score

Your Score History

You have not taken this quiz